| 000 | 00782nam a2200229Ia 4500 | ||
|---|---|---|---|
| 001 | 17015 | ||
| 003 | GE_BSU | ||
| 008 | 181216s||||||||xx |||||||||||||| ||und|| | ||
| 040 | _cGE_BSU | ||
| 080 | _a821.161.1-32 | ||
| 100 | _aკოროლენკო, ვ. | ||
| 245 | _aჩემი თანამედროვის ამბავი | ||
| 245 | _bავტობიოგრ. მოთხრობა | ||
| 245 | _cრედ.ლ.ცაგარეიშვილი | ||
| 260 | _aთბილისი | ||
| 260 | _bნაკადული | ||
| 260 | _c1967 | ||
| 300 | _a390გვ. ; 22სმ. | ||
| 653 | _aავტობიოგრ. მოთხრობა | ||
| 653 | _aჩემი თანამედროვის ამბავი | ||
| 942 | _cBK | ||
| 999 |
_c50077 _d50077 |
||